000 01278nas a2200349 4500
001 BR2013010521
003 BR-BrBNA
005 20231205123507.0
007 ta
008 230509b bl.|||p| |||| 00| 00por d
040 _aBR-BrBNA
_bpor
_cBiblioteca Nacional de Agricultura
041 _a(Pt)
072 _aF04; F02
100 1 _aMarques, V.B.
100 1 _aPaiva, H.N. de
100 1 _aGomes, J.M.
100 1 _aNeves, J.C.L.
100 1 _aBernardino, D.C. de S.
100 1 _a
245 1 _aEfeito de fontes e doses de nitrogênio sobre o crescimento inicial e qualidade de mudas de jacarandá-da-bahia (Dalbergia nigra (Vell.)Fr. All. ex Benth.)
246 1 _aEffect of sources and doses of nitrogen on the initial growth and quality of seedlings of Jacarandá-da-Bahia (Dalbergia nigra (Vell.)Fr. All. ex Benth.)
650 _aJACARANDÁ
650 _aDALBERGIA NIGRA
650 _aMUDA
650 _aQUALIDADE
650 _aNITROGÊNIO
650 _aFERTILIZANTE NITROGENADO
773 0 _tRevista Árvore (Brazil)
_xISSN 0100-6762
_g(Sep-Oct 2006), v. 30(5) p. 725-735
_wBR2013010521
856 4 _uhttp://www.scielo.br/pdf/rarv/v30n5/a06v30n5.pdf
_yRecurso eletrônico (PDF)
909 _a202311
_bLúcia
_c55
_dLúcia Elande
942 _2AGRIS
_n0
_cANA
999 _c234182
_d234182